<?xml version="1.0" encoding="UTF-8"?>
<record
    xmlns:xsi="http://www.w3.org/2001/XMLSchema-instance"
    xsi:schemaLocation="http://www.loc.gov/MARC21/slim http://www.loc.gov/standards/marcxml/schema/MARC21slim.xsd"
    xmlns="http://www.loc.gov/MARC21/slim">

  <leader>00819cam a22002291  4500</leader>
  <controlfield tag="001">ne 68004239 </controlfield>
  <controlfield tag="003">DLC</controlfield>
  <controlfield tag="005">20260227111849.0</controlfield>
  <controlfield tag="008">801204s1907    ii            000 0 arar </controlfield>
  <datafield tag="010" ind1=" " ind2=" ">
    <subfield code="a">ne 68004239 </subfield>
  </datafield>
  <datafield tag="035" ind1=" " ind2=" ">
    <subfield code="a">(OCoLC)7000100</subfield>
  </datafield>
  <datafield tag="040" ind1=" " ind2=" ">
    <subfield code="a">DLC</subfield>
    <subfield code="c">WaU</subfield>
    <subfield code="d">DLC</subfield>
  </datafield>
  <datafield tag="042" ind1=" " ind2=" ">
    <subfield code="a">premarc</subfield>
  </datafield>
  <datafield tag="050" ind1="0" ind2="0">
    <subfield code="a">LAW &lt;Islam 7 Muhi 1907&gt;</subfield>
  </datafield>
  <datafield tag="100" ind1="0" ind2=" ">
    <subfield code="a">Mu&#x1E25;ibb All&#x101;h al-Bih&#x101;r&#x12B;,</subfield>
    <subfield code="d">-1707.</subfield>
  </datafield>
  <datafield tag="245" ind1="1" ind2="0">
    <subfield code="a">Musallam al-thub&#x16B;t</subfield>
    <subfield code="c">[ta'l&#x12B;f Mu&#x1E25;ibb All&#x101;h al-Bih&#x101;r&#x12B;] ma&#x2BB;a al-&#x1E25;aw&#x101;sh&#x12B; al-muf&#x12B;dah wa-al-&#x12B;&#x1E0D;&#x101;&#x1E25;&#x101;t al-jad&#x12B;dah lil-Maulav&#x12B; Mu&#x1E25;ammad Faiz&#x324; al-&#x1E24;asan, wa-hiya Maf&#x101;ti&#x1E25; al-buy&#x16B;t.</subfield>
  </datafield>
  <datafield tag="260" ind1=" " ind2=" ">
    <subfield code="a">Dihl&#x12B;,</subfield>
    <subfield code="b">Kutub&#x2B9;kh&#x101;nah Rash&#x12B;d&#x12B;yah</subfield>
    <subfield code="c">1325 [1907 or 8]</subfield>
  </datafield>
  <datafield tag="300" ind1=" " ind2=" ">
    <subfield code="a">76 p.</subfield>
    <subfield code="c">35 cm.</subfield>
  </datafield>
  <datafield tag="500" ind1=" " ind2=" ">
    <subfield code="a">Reproduced from ms. copy.</subfield>
  </datafield>
  <datafield tag="650" ind1=" " ind2="0">
    <subfield code="a">Islamic law.</subfield>
  </datafield>
  <datafield tag="700" ind1="2" ind2=" ">
    <subfield code="a">Faiz al-&#x1E24;asan,</subfield>
    <subfield code="c">Maulav&#x12B;,</subfield>
    <subfield code="e">ed.</subfield>
  </datafield>
  <datafield tag="999" ind1=" " ind2=" ">
    <subfield code="c">50971</subfield>
    <subfield code="d">50971</subfield>
  </datafield>
</record>
